[Event "GER-chT U16"]
[Site "Naumburg"]
[Date "2012.12.27"]
[Round "2"]
[White "Basaran, Mehmet"]
[Black "Bauer, Lukas"]
[Result "1/2-1/2"]
[WhiteElo "1659"]
[BlackElo "1779"]
[PlyCount "81"]
[EventDate "2012.12.27"]
[EventType "team-swiss"]
[EventRounds "7"]
[EventCountry "GER"]
[SourceTitle "EXT 2014"]
[Source "ChessBase"]
[SourceDate "2013.11.20"]
[SourceVersion "1"]
[SourceVersionDate "2013.11.20"]
[SourceQuality "1"]
[WhiteTeam "Unterkochen"]
[BlackTeam "Trier"]
[WhiteTeamCountry "GER"]
[BlackTeamCountry "GER"]

1. e4 c5 2. Nf3 Nc6 3. Bb5 g6 4. Bxc6 dxc6 5. Nc3 Bg7 6. 0-0 Nf6 7. d3 b6 8. Bf4 0-0 9. Qd2 Re8 10. Rae1 a6 11. h3 Bb7 12. g4 Nd7 13. Bh6 e5 14. Bxg7 Kxg7 15. g5 Nf8 16. Nh2 Ne6 17. h4 Qd7 18. Ne2 c4 19. Qe3 cxd3 20. cxd3 c5 21. Ng4 Qd6 22. f4 Nxf4 23. Nxf4 exf4 24. Qxf4 Qxf4 25. Rxf4 Rad8 26. Ref1 Re7 27. R1f3 c4 28. Nf2 cxd3 29. Rxd3 Rxd3 30. Nxd3 Rxe4 31. Rxe4 Bxe4 32. Ne5 Bf5 33. Nc4 b5 34. Nd6 h6 35. Ne8+ Kh8 36. Nf6 hxg5 37. hxg5 Kg7 38. Kf2 Kf8 39. Ke3 Ke7 40. Kd4 Kd6 41. b4 1/2-1/2

[Event "GER-chT U14"]
[Site "Lingen"]
[Date "2011.12.29"]
[Round "5.2"]
[White "Bauer, Lukas"]
[Black "Reimann, Sebastian"]
[Result "1-0"]
[WhiteElo "1640"]
[BlackElo "1516"]
[PlyCount "100"]
[EventDate "2011.12.27"]
[EventType "team-swiss"]
[EventRounds "7"]
[EventCountry "GER"]
[SourceTitle "EXT 2022"]
[Source "ChessBase"]
[SourceDate "2021.10.06"]
[SourceVersion "1"]
[SourceVersionDate "2021.10.06"]
[SourceQuality "1"]
[WhiteTeam "Trier SG U14"]
[BlackTeam "Goeggingen U14"]
[WhiteTeamCountry "GER"]
[BlackTeamCountry "GER"]

1. d4 d5 2. c4 c6 3. Nf3 Nf6 4. g3 e6 5. Bg2 Nbd7 6. 0-0 Bd6 7. Qc2 0-0 8. Nbd2 h6 9. Re1 Qc7 10. e4 dxe4 11. Nxe4 Nxe4 12. Qxe4 Nf6 13. Qc2 c5 14. dxc5 Bxc5 15. Bf4 Bd6 16. Bxd6 Qxd6 17. Rad1 Qc7 18. Qd3 b6 19. Ne5 Bb7 20. Nd7 Nxd7 21. Qxd7 Qxd7 22. Rxd7 Bxg2 23. Kxg2 Rfd8 24. Red1 Rxd7 25. Rxd7 Rc8 26. b3 a6 27. Rb7 Rc6 28. Kf3 a5 29. Rb8+ Kh7 30. Rd8 Kg6 31. Ke4 Kf6 32. Rd7 a4 33. f4 axb3 34. axb3 h5 35. Kd4 h4 36. b4 hxg3 37. hxg3 e5+ 38. fxe5+ Ke6 39. Rb7 g6 40. b5 Rc8 41. Rxb6+ Ke7 42. c5 Rc7 43. Kd5 Rd7+ 44. Rd6 Rb7 45. b6 Rb8 46. Kc6 Rc8+ 47. Kb5 g5 48. b7 Rb8 49. Kb6 f5 50. Kc7 Ke8 1-0

[Event "GER-chT U14"]
[Site "Lingen"]
[Date "2011.12.29"]
[Round "6.2"]
[White "Brungs, Sven"]
[Black "Bauer, Lukas"]
[Result "1/2-1/2"]
[WhiteElo "1516"]
[BlackElo "1640"]
[PlyCount "83"]
[EventDate "2011.12.27"]
[EventType "team-swiss"]
[EventRounds "7"]
[EventCountry "GER"]
[SourceTitle "EXT 2022"]
[Source "ChessBase"]
[SourceDate "2021.10.06"]
[SourceVersion "1"]
[SourceVersionDate "2021.10.06"]
[SourceQuality "1"]
[WhiteTeam "Porz SG U14"]
[BlackTeam "Trier SG U14"]
[WhiteTeamCountry "GER"]
[BlackTeamCountry "GER"]

1. d4 d5 2. Nf3 Nf6 3. c4 c6 4. Qc2 e6 5. e3 Nbd7 6. Nbd2 Be7 7. Bd3 0-0 8. 0-0 c5 9. b3 b6 10. Bb2 Bb7 11. Rfe1 Rc8 12. e4 dxe4 13. Nxe4 Nxe4 14. Bxe4 Bxe4 15. Qxe4 Bf6 16. Rad1 Qc7 17. Rd2 cxd4 18. Bxd4 a6 19. Qe2 Qb7 20. Ne5 Nxe5 21. Bxe5 Bxe5 22. Qxe5 Rfd8 23. Red1 Rxd2 24. Rxd2 h6 25. Rd3 Rc5 26. Rd8+ Kh7 27. Qd4 Rg5 28. Qd3+ g6 29. g3 Rc5 30. Qd4 e5 31. Qd7 Qxd7 32. Rxd7 Kg7 33. Ra7 b5 34. Rxa6 bxc4 35. bxc4 Rxc4 36. a4 Rc7 37. a5 Kf8 38. Ra8+ Ke7 39. a6 Kd6 40. Kg2 Kc6 41. Kf3 Kb6 42. Ke4 1/2-1/2

[Event "GER-chT U14"]
[Site "Lingen"]
[Date "2011.12.28"]
[Round "4.2"]
[White "Nguyen, Huy Dat"]
[Black "Bauer, Lukas"]
[Result "1-0"]
[WhiteElo "1744"]
[BlackElo "1640"]
[PlyCount "87"]
[EventDate "2011.12.27"]
[EventType "team-swiss"]
[EventRounds "7"]
[EventCountry "GER"]
[SourceTitle "EXT 2022"]
[Source "ChessBase"]
[SourceDate "2021.10.06"]
[SourceVersion "1"]
[SourceVersionDate "2021.10.06"]
[SourceQuality "1"]
[WhiteTeam "Erfurt Medizin U14"]
[BlackTeam "Trier SG U14"]
[WhiteTeamCountry "GER"]
[BlackTeamCountry "GER"]

1. d4 d5 2. c4 c6 3. Nf3 Nf6 4. g3 e6 5. Bg2 Be7 6. 0-0 0-0 7. Nc3 b6 8. cxd5 exd5 9. Bf4 Bb7 10. Rc1 Nbd7 11. h3 Rc8 12. a3 a6 13. Kh2 Re8 14. Rg1 Nf8 15. Qd3 Ng6 16. Be3 Bd6 17. Bg5 h6 18. Bxf6 Qxf6 19. Rcf1 Rcd8 20. Kh1 Bc7 21. b4 Qd6 22. Na4 Re7 23. e3 Ra8 24. Rb1 Qd8 25. Rgc1 Qe8 26. Qb3 Bc8 27. Qc2 Bd7 28. Nc3 Qc8 29. Kh2 Bf5 30. Qb2 Bxb1 31. Qxb1 Qd7 32. Qb2 Bd6 33. Na4 Rb8 34. Qc2 b5 35. Nc5 Bxc5 36. Qxc5 Rc8 37. h4 Qa7 38. Qc2 a5 39. h5 Nf8 40. Ne5 Qb6 41. Bxd5 axb4 42. axb4 Ra7 43. Bxf7+ Rxf7 44. Nxf7 1-0

[Event "GER-chT U12"]
[Site "Gross Doelln"]
[Date "2010.12.28"]
[Round "4.3"]
[White "Bauer, Lukas"]
[Black "Koch, Elisabeth"]
[Result "1-0"]
[WhiteElo "1571"]
[BlackElo "1306"]
[PlyCount "36"]
[EventDate "2010.12.27"]
[EventType "team-swiss"]
[EventRounds "7"]
[EventCountry "GER"]
[SourceTitle "CBM 140 Extra"]
[Source "ChessBase"]
[SourceDate "2011.03.01"]
[SourceVersion "1"]
[SourceVersionDate "2011.03.01"]
[SourceQuality "1"]
[WhiteTeam "Trier U12"]
[BlackTeam "Weissensee U12"]
[WhiteTeamCountry "GER"]
[BlackTeamCountry "GER"]

1. e4 e5 2. Nf3 Nc6 3. Bc4 Nf6 4. Ng5 d5 5. exd5 Nxd5 6. d4 Nxd4 7. c3 Be7 8. cxd4 Bxg5 9. Bxg5 Qxg5 10. Bxd5 exd4 11. Bf3 0-0 12. 0-0 c5 13. Nd2 Be6 14. Rc1 Rab8 15. Ne4 Qg6 16. Nxc5 Bxa2 17. Nd7 Rbd8 18. Nxf8 Kxf8 1-0

[Event "GER-chT U12"]
[Site "Gross Doelln"]
[Date "2010.12.27"]
[Round "1.3"]
[White "Bauer, Lukas"]
[Black "Balazs, Balint"]
[Result "1/2-1/2"]
[WhiteElo "1571"]
[BlackElo "1300"]
[PlyCount "145"]
[EventDate "2010.12.27"]
[EventType "team-swiss"]
[EventRounds "7"]
[EventCountry "GER"]
[SourceTitle "CBM 140 Extra"]
[Source "ChessBase"]
[SourceDate "2011.03.01"]
[SourceVersion "1"]
[SourceVersionDate "2011.03.01"]
[SourceQuality "1"]
[WhiteTeam "Trier U12"]
[BlackTeam "Hagen U12"]
[WhiteTeamCountry "GER"]
[BlackTeamCountry "GER"]

1. e4 d5 2. exd5 Qxd5 3. Nc3 Qa5 4. d4 Nf6 5. Be3 Bf5 6. Bc4 e6 7. Nge2 Nbd7 8. 0-0 Bd6 9. h3 c6 10. Bf4 Bxf4 11. Nxf4 Qc7 12. Nfe2 0-0 13. Ng3 Bg6 14. Re1 Rfe8 15. Qd2 Rad8 16. Nce2 Nb6 17. Bb3 c5 18. Qc3 c4 19. a3 Nfd5 20. Qf3 cxb3 21. cxb3 Qe7 22. Rac1 Rc8 23. Nc3 Qd7 24. Nge4 Nxc3 25. bxc3 Bxe4 26. Qxe4 Qd5 27. c4 Qxe4 28. Rxe4 f6 29. Rce1 Kf7 30. Kf1 Rcd8 31. Rd1 Nd7 32. f3 f5 33. Re3 Nf6 34. Kf2 b5 35. Re5 bxc4 36. bxc4 Rc8 37. Ra5 Re7 38. d5 Rxc4 39. dxe6+ Ke8 40. Rb5 Rxe6 41. Rxf5 Rc3 42. a4 Ra3 43. Rd4 Ra2+ 44. Kg3 Ree2 45. Ra5 Re7 46. Rb4 Kf7 47. Rbb5 g6 48. Ra6 Rc2 49. Rba5 Rcc7 50. Kh4 Rc4+ 51. g4 Rcc7 52. Kg5 Ng8 53. f4 h6+ 54. Kh4 Red7 55. Re5 Ne7 56. Ree6 Rc4 57. Rf6+ Kg7 58. Rae6 Rxa4 59. f5 g5+ 60. Kh5 Ra3 61. Rxh6 Rxh3+ 62. Kxg5 Rxh6 63. Rxh6 a5 64. Ra6 Rd5 65. Kf4 Rb5 66. f6+ Kf7 67. fxe7 Kxe7 68. Ke3 Rg5 69. Kd3 Kd7 70. Kc3 Kc7 71. Kb3 Kb7 72. Rf6 Rxg4 73. Ka3 1/2-1/2